[Event "Michigan Senior"]
[Site "Ann Arbor, MI"]
[Date "2001.06.23"]
[Round "1.6"]
[White "Moore, Robert"]
[Black "Hickey, Gene"]
[Result "0-1"]
[WhiteElo "1600"]
[BlackElo "1941"]
[PlyCount "80"]
[EventDate "2001.06.23"]

1. e4 a6 2. d4 b5 3. c4 b4 4. Nf3 Bb7 5. d5 c5 6. Be3 d6 7. Be2 e5 8. O-O Nf6
9. Nbd2 Be7 10. Nh4 Nxd5 11. cxd5 Bxh4 12. Nc4 Be7 13. f4 Nd7 14. f5 a5 15. g4
Ba6 16. Qc2 Bxc4 17. Qxc4 Bg5 18. Qc1 Bxe3+ 19. Qxe3 h6 20. Bb5 Qg5 21. Qxg5
hxg5 22. f6 gxf6 23. Rxf6 Ke7 24. Rf3 Nf6 25. Raf1 Rh6 26. h3 Rf8 27. Bd3 Nh7
28. Kg2 Rf6 29. Kg3 Rf4 30. Rxf4 gxf4+ 31. Kg2 Rg8 32. Be2 Ng5 33. Bf3 Rh8 34.
Rh1 Rh4 35. Rh2 c4 36. Rh1 c3 37. bxc3 bxc3 38. Rc1 Rxh3 39. Rxc3 Rg3+ 40. Kf2
Nxe4+ 0-1

[Event "Michigan Senior"]
[Site "Ann Arbor, MI"]
[Date "2001.06.23"]
[Round "2.5"]
[White "Matias, I.C."]
[Black "Kung, Fred"]
[Result "0-1"]
[WhiteElo "1613"]
[BlackElo "1842"]
[PlyCount "62"]
[EventDate "2001.06.23"]

1. d4 d5 2. c4 e6 3. Nc3 c5 4. e3 Nf6 5. Nf3 Nc6 6. cxd5 exd5 7. Be2 c4 8. O-O
a6 9. Ne5 Bf5 10. f3 Be6 11. Nxc6 bxc6 12. e4 Be7 13. e5 Nd7 14. f4 f5 15. Be3
Rb8 16. Qc2 O-O 17. g4 c5 18. Rad1 cxd4 19. Bxd4 Nc5 20. Rf2 Qc8 21. g5 g6 22.
h4 Ne4 23. Nxe4 fxe4 24. Qc3 Bb4 25. Qg3 Bc5 26. Qc3 Bxd4 27. Qxd4 Qb7 28. Qc5
Qb6 29. Rxd5 Bxd5 30. Qxd5+ Kh8 31. Bxc4 Rxf4 0-1

[Event "Michigan Senior U1600"]
[Site "Ann Arbor, MI"]
[Date "2001.06.23"]
[Round "2.9"]
[White "Mandell, Ed"]
[Black "Foord, Allan"]
[Result "0-1"]
[WhiteElo "1273"]
[BlackElo "1500"]
[PlyCount "84"]
[EventDate "2001.06.23"]

1. d4 Nf6 2. Nf3 g6 3. e3 Bg7 4. b3 d5 5. Bb2 O-O 6. c4 c6 7. Nbd2 Nbd7 8. Be2
b6 9. O-O Bb7 10. Qc2 Rc8 11. Rac1 Re8 12. Bd3 c5 13. Qb1 Qc7 14. Nh4 e5 15.
dxe5 Nxe5 16. Bc2 Neg4 17. g3 dxc4 18. Nxc4 Qc6 19. f3 Nxe3 20. Nxe3 Rxe3 21.
Rce1 Rce8 22. Qc1 Rxe1 23. Rxe1 Rxe1+ 24. Qxe1 g5 25. Bxf6 Bxf6 26. Be4 Qe6 27.
Nf5 Bxe4 28. Qxe4 Qxe4 29. fxe4 Be5 30. Ne7+ Kg7 31. Nc6 Bd4+ 32. Nxd4 cxd4 33.
Kf2 Kf6 34. Ke2 Ke5 35. Kd3 g4 36. a3 a6 37. a4 a5 38. Kd2 Kxe4 39. Ke2 d3+ 40.
Kf2 Kd4 41. Ke1 Kc3 42. Kd1 d2 0-1

[Event "Michigan Senior"]
[Site "Ann Arbor, MI"]
[Date "2001.06.23"]
[Round "2.1"]
[White "LaForge, Tom"]
[Black "Finegold, Ron"]
[Result "1/2-1/2"]
[WhiteElo "1978"]
[BlackElo "2049"]
[PlyCount "45"]
[EventDate "2001.06.23"]

1. e4 d6 2. g3 Nf6 3. Bg2 e5 4. Ne2 Be7 5. d4 O-O 6. O-O c6 7. c4 Qc7 8. Nbc3
Nbd7 9. b3 a5 10. Bb2 Re8 11. Rc1 exd4 12. Nxd4 Nc5 13. Re1 Bf8 14. Qc2 Qb6 15.
Kh1 Ng4 16. h3 Ne5 17. Rcd1 f6 18. f4 Nf7 19. Kh2 Qc7 20. Rd2 Qd7 21. Nf3 Re7
22. Nh4 Nh6 23. Nf5 1/2-1/2

[Event "Michigan Senior"]
[Site "Ann Arbor, MI"]
[Date "2001.06.23"]
[Round "1.2"]
[White "Kung, Fred"]
[Black "Santiago, Reynaldo"]
[Result "0-1"]
[WhiteElo "1842"]
[BlackElo "2007"]
[PlyCount "109"]
[EventDate "2001.06.23"]

1. e4 c6 2. d4 d5 3. Nc3 g6 4. e5 h5 5. f4 Nh6 6. Nf3 Bg4 7. h3 Bxf3 8. Qxf3 h4
9. Bd3 e6 10. Nd1 c5 11. dxc5 Bxc5 12. c3 Nc6 13. b4 Bb6 14. a4 a6 15. a5 Ba7
16. Bd2 Ne7 17. Nf2 Bxf2+ 18. Qxf2 Nhf5 19. O-O-O Rc8 20. Kb2 Qd7 21. Rc1 O-O
22. Rhd1 Rfd8 23. Be1 Kg7 24. Qf3 Rc7 25. Bf2 d4 26. c4 Qa4 27. Be1 Qd7 28. c5
Ne3 29. Bxh4 Nxd1+ 30. Qxd1 Rg8 31. Be4 Nf5 32. Bxf5 gxf5 33. Qd3 Qd5 34. Rc2
Kf8 35. Bg5 Ke8 36. Rd2 Rd7 37. g4 Rxg5 38. fxg5 fxg4 39. hxg4 Qxe5 40. g6 Qg7
41. gxf7+ Kxf7 42. Qf3+ Ke7 43. Kc2 Qg6+ 44. Kb2 e5 45. Rf2 d3 46. Qf8+ Ke6 47.
Qf5+ Qxf5 48. gxf5+ Kf6 49. Kc3 e4 50. Kd2 Rd4 51. Rh2 Kxf5 52. Rh7 Rxb4 53.
Rd7 Ke6 54. Rd6+ Ke5 55. Rd8 0-1

[Event "Michigan Senior"]
[Site "Ann Arbor, MI"]
[Date "2001.06.23"]
[Round "2.3"]
[White "Hickey, Gene"]
[Black "Williams, Ron"]
[Result "1-0"]
[WhiteElo "1941"]
[BlackElo "1999"]
[Annotator "Phil Roe"]
[PlyCount "37"]
[EventDate "2001.06.23"]

1. d4 Nf6 2. Nc3 d5 3. e4 dxe4 {The Blackmar-Diemer Gambit gets little respect
from theorists, but scores well for aggressive players.} 4. f3 Bf5 5. fxe4 Nxe4
6. Qf3 Nd6 7. Bf4 Qc8 {I don't know what the specialists think about the
defense 4...Bf5 or about this position, but white has some compensation for
his pawn. I don't really like his next move because black could play 8...Nxb5
9.Nxb5 Na6, followed by ...c6, and even as played white loses tempi.} 8. Bb5+
c6 9. Ba4 Bg4 $2 {It seldom pays to defend against a gambit by moving the
pieces that are already developed.} ({Solid was} 9... e6) 10. Qf2 Bh5 11. Nf3
Qf5 12. Bxd6 $1 {Securing an open file and removing black's best defender.
White's compensation in growing. Although, black is hoping to inflict doubled
pawns on his opponent and to close off the f-file. White has his mind on
higher things and black's idea isn't even going to work.} exd6 13. O-O Bxf3 14.
Rae1+ Kd8 $2 {DIAGRAM How does white exploit his big lead in development?} ({
Slightly more tenacious was} 14... Kd7 {so that after} 15. Qe3 Na6 {there will
be no check on e8.}) 15. Qe3 $1 Kc7 16. Rxf3 Qg6 17. Qe8 f6 {Black is totally
helpless, and white now finds a nice finish.} 18. Nd5+ $1 cxd5 19. Rc3+ {Black
has seen enough. If he tries ...Nc6, then one neat way for white to finish
would be 20.Rxc6+ bxc6 21.Qxc6+ Kb8 22.Re3! I imagine white felt pretty good
after this game.} 1-0

[Event "Michigan Senior U1600"]
[Site "Ann Arbor, MI"]
[Date "2001.06.23"]
[Round "2.8"]
[White "Griffin, John"]
[Black "Vasos, John"]
[Result "1/2-1/2"]
[WhiteElo "1592"]
[BlackElo "1060"]
[PlyCount "137"]
[EventDate "2001.06.23"]

1. d4 d5 2. c4 Nf6 3. Nf3 c6 4. e3 Bg4 5. Nbd2 e6 6. Qb3 Qc7 7. h3 Bxf3 8. Nxf3
Ne4 9. Bd3 b6 10. Qc2 Nf6 11. Ne5 Nbd7 12. Nxd7 Bb4+ 13. Bd2 Bxd2+ 14. Qxd2
Nxd7 15. O-O O-O 16. cxd5 cxd5 17. Rac1 Qd6 18. Rc2 Nf6 19. Rfc1 Qd7 20. Rc7
Qd6 21. Qc2 g6 22. Rc6 Qe7 23. Ba6 Rad8 24. Qb3 Ne4 25. Rc7 Rd7 26. Qc2 Rxc7
27. Qxc7 Qb4 28. Qc2 Qa5 29. Qd3 Qxa2 30. Qa3 Qxa3 31. bxa3 Nd6 32. Rc7 Ra8 33.
Kf1 Kf8 34. Ke2 Ke8 35. f3 Kd8 36. Rc2 f5 37. g4 Rb8 38. a4 b5 39. axb5 Nxb5
40. Kd2 Nc7 41. Bd3 Kd7 42. Ra2 Rb7 43. gxf5 gxf5 44. e4 fxe4 45. fxe4 h5 46.
exd5 Nxd5 47. Be4 Rc7 48. Bxd5 exd5 49. Ra5 Kc6 50. Ra6+ Kb5 51. Ra2 a5 52.
Rb2+ Ka6 53. Ra2 Rc4 54. Kd3 Kb5 55. Rg2 Ra4 56. Rg5 Ra3+ 57. Kc2 Kc4 58. Rxh5
Kxd4 59. Kb2 Re3 60. h4 a4 61. Rh8 Rb3+ 62. Ka2 Kd3 63. h5 Kc2 64. h6 Rh3 65.
Rd8 Rxh6 66. Rxd5 Kc3 67. Ka3 Kc4 68. Rg5 Ra6 69. Rg4+ 1/2-1/2

[Event "Michigan Senior U1600"]
[Site "Ann Arbor, MI"]
[Date "2001.06.23"]
[Round "1.10"]
[White "Foord, Allan"]
[Black "Dolin, Jack"]
[Result "1/2-1/2"]
[WhiteElo "1500"]
[BlackElo "1298"]
[PlyCount "116"]
[EventDate "2001.06.23"]

1. e4 e5 2. Nf3 Nc6 3. Bb5 a6 4. Ba4 Nf6 5. Nc3 Bc5 6. O-O d6 7. d4 exd4 8.
Nxd4 Bxd4 9. Bxc6+ bxc6 10. Qxd4 c5 11. Qd3 Bb7 12. Re1 O-O 13. Bg5 h6 14. Bh4
Re8 15. Nd5 Bxd5 16. exd5 g5 17. Bg3 Nh5 18. Re3 Rxe3 19. Qxe3 Nxg3 20. hxg3
Qf6 21. Rb1 Rb8 22. b3 Qf5 23. Qd3 Qxd3 24. cxd3 Rb4 25. Re1 Rd4 26. Re7 Rxd5
27. Rxc7 Rxd3 28. Rc6 Rd1+ 29. Kh2 a5 30. g4 Kf8 31. Kg3 Ke7 32. Ra6 Rd3+ 33.
f3 Rd2 34. Rxa5 Rb2 35. Ra6 f6 36. Ra5 Ke6 37. Kh3 Ke5 38. g3 Kd4 39. f4 c4 40.
bxc4 Kxc4 41. Rf5 Rxa2 42. Rxf6 d5 43. Rxh6 Ra5 44. fxg5 Ra7 45. g6 Rg7 46. Kh4
d4 47. Kg5 d3 48. Rh2 Kd4 49. Rd2 Kc3 50. Rxd3+ Kxd3 51. Kf6 Rb7 52. g5 Ke3 53.
g7 Rb6+ 54. Kf5 Rb8 55. Kg6 Ke4 56. Kh7 Kf5 57. g8=Q Rxg8 58. Kxg8 Kxg5 1/2-1/2

[Event "Michigan Senior"]
[Site "Ann Arbor, MI"]
[Date "2001.06.23"]
[Round "1.1"]
[White "Finegold, Ron"]
[Black "Vandivier, Don"]
[Result "1-0"]
[WhiteElo "2049"]
[BlackElo "1874"]
[PlyCount "73"]
[EventDate "2001.06.23"]

1. e4 c5 2. Nc3 d6 3. g3 Nc6 4. Bg2 g6 5. Nge2 Bg7 6. d3 Bd7 7. O-O Qc8 8. Be3
Bh3 9. d4 cxd4 10. Nxd4 h5 11. Nxc6 bxc6 12. Qe2 h4 13. Bxh3 Qxh3 14. g4 Nh6
15. f3 Be5 16. Qg2 Qxg2+ 17. Kxg2 h3+ 18. Kg1 f5 19. g5 f4 20. Bd2 Nf7 21. Ne2
Rh4 22. Kf2 Nxg5 23. Rg1 Bxb2 24. Rab1 Bf6 25. Bxf4 Rxf4 26. Nxf4 Bd4+ 27. Ke2
Bxg1 28. Rxg1 Nf7 29. Rxg6 Kd7 30. Nxh3 Rb8 31. f4 Rb2 32. Kd2 Rxa2 33. Nf2 Ra5
34. Rg7 Ke6 35. Ng4 Nd8 36. f5+ Kd7 37. f6 1-0

[Event "Michigan Senior U1600"]
[Site "Ann Arbor, MI"]
[Date "2001.06.23"]
[Round "2.10"]
[White "Dolin, Jack"]
[Black "Saylor, Oliver"]
[Result "1-0"]
[WhiteElo "1298"]
[BlackElo "1348"]
[PlyCount "138"]
[EventDate "2001.06.23"]

1. d4 d5 2. c4 c6 3. cxd5 cxd5 4. Nc3 Nf6 5. Bg5 e6 6. e3 Be7 7. Nf3 Nc6 8. g3
h6 9. Bf4 Nh5 10. Be5 f6 11. Nh4 O-O 12. Qxh5 fxe5 13. dxe5 Bxh4 14. gxh4 Rf5
15. Qg4 Nxe5 16. Qg3 Nf3+ 17. Ke2 Nxh4 18. Rg1 Qf6 19. f4 Bd7 20. Bh3 Rh5 21.
Bg4 Nf5 22. Bxf5 Rxf5 23. Rg2 d4 24. Rag1 g5 25. Ne4 d3+ 26. Ke1 Qe7 27. fxg5
Qb4+ 28. Nc3 Rxg5 29. Qe5 Qh4+ 30. Kd2 Rf8 31. Rxg5+ hxg5 32. Rxg5+ Kf7 33.
Rg7+ Ke8 34. Qb8+ Qd8 35. Qxd8+ Kxd8 36. Ne4 Bc6 37. Kxd3 Bxe4+ 38. Kxe4 Kc8
39. Rg2 Kd7 40. h4 Kd6 41. h5 Rf5 42. Rh2 Re5+ 43. Kf3 Rf5+ 44. Ke2 Ke7 45. h6
Rf8 46. h7 Rh8 47. Kf3 Kf7 48. Ke4 Kf6 49. Rh6+ Ke7 50. Ke5 Kf7 51. Rf6+ Kg7
52. Rxe6 Rxh7 53. Re7+ Kg6 54. Rxh7 Kxh7 55. Kf6 Kg8 56. Ke7 Kg7 57. e4 Kg6 58.
e5 Kg7 59. e6 b5 60. b4 a6 61. Kd8 a5 62. bxa5 b4 63. e7 b3 64. axb3 Kf7 65.
e8=Q+ Kf6 66. Qe4 Kf7 67. Kd7 Kf6 68. Ke8 Kg7 69. Qf4 Kg6 1-0

[Event "Michigan Senior"]
[Site "Ann Arbor, MI"]
[Date "2001.06.24"]
[Round "3.4"]
[White "Yufa, Leonid"]
[Black "Vandivier, Don"]
[Result "0-1"]
[WhiteElo "1704"]
[BlackElo "1874"]
[PlyCount "58"]
[EventDate "2001.06.23"]

1. e4 c5 2. Nf3 Nc6 3. d4 cxd4 4. Nxd4 g6 5. Nxc6 bxc6 6. Bd2 Bg7 7. Bc3 Nf6 8.
Bd3 O-O 9. O-O d5 10. exd5 cxd5 11. Bd4 Qd6 12. g3 e5 13. Bc3 d4 14. Bd2 e4 15.
Bf4 Qb6 16. Bc4 Bh3 17. Re1 Qxb2 18. Nd2 Bg4 19. Qb1 Qc3 20. Qb3 Rac8 21. Qxc3
dxc3 22. Bxf7+ Kxf7 23. Nxe4 Nxe4 24. Rxe4 Bf5 25. Re2 Rfe8 26. Rxe8 Rxe8 27.
Rb1 Bxc2 28. Rb7+ Re7 29. Rb8 Bf5 0-1

[Event "Michigan Senior"]
[Site "Ann Arbor, MI"]
[Date "2001.06.24"]
[Round "4"]
[White "Williams, Ron"]
[Black "Kung, Fred"]
[Result "1-0"]
[WhiteElo "1999"]
[BlackElo "1842"]
[PlyCount "77"]
[EventDate "2001.06.23"]

1. c4 e6 2. Nc3 d5 3. cxd5 exd5 4. Nf3 Nf6 5. g3 c5 6. Bg2 Nc6 7. O-O Be7 8. d3
O-O 9. a3 Re8 10. Rb1 Bg4 11. h3 Bh5 12. Bg5 Rc8 13. Qb3 Na5 14. Qa4 d4 15.
Bxf6 Bxf6 16. Ne4 Nc6 17. Rfc1 b6 18. b4 Be7 19. g4 Bg6 20. bxc5 Bxe4 21. dxe4
Bxc5 22. Nd2 Na5 23. Kh1 Qf6 24. Rxc5 bxc5 25. Qxa5 Qxf2 26. Qb5 Qf4 27. Qd3
Rb8 28. Rf1 Qc7 29. Nc4 f6 30. Qf3 a5 31. Qf5 a4 32. h4 Qg3 33. h5 Rb3 34. Qd5+
Kh8 35. Nd6 Rf8 36. Nf7+ Kg8 37. Nh6+ Kh8 38. Qg8+ Rxg8 39. Nf7# 1-0

[Event "Michigan Senior U1600"]
[Site "Ann Arbor, MI"]
[Date "2001.06.24"]
[Round "3.8"]
[White "Vasos, John"]
[Black "Dolin, Jack"]
[Result "0-1"]
[WhiteElo "1060"]
[BlackElo "1298"]
[PlyCount "120"]
[EventDate "2001.06.23"]

1. d4 d5 2. Nf3 Nf6 3. Bf4 e6 4. a3 c5 5. e3 Nc6 6. Bb5 Qa5+ 7. Nc3 Bd7 8. b4
cxb4 9. axb4 Qxb4 10. Qd3 Ne4 11. O-O Qxc3 12. Ne5 Qxd3 13. cxd3 Nxe5 14. Bxd7+
Nxd7 15. dxe4 dxe4 16. Rfc1 Nb6 17. Rc7 Nd5 18. Rxb7 Nxf4 19. exf4 a5 20. Kf1
g6 21. Ra4 Bg7 22. Ke2 O-O 23. Ke3 f5 24. f3 exf3 25. Kxf3 Rfc8 26. Rd7 Rd8 27.
Re7 Re8 28. Rd7 Rad8 29. Ra7 Rxd4 30. R4xa5 Rd3+ 31. Ke2 Red8 32. Ra3 e5 33. g3
e4 34. Rc7 Bf6 35. Raa7 Rd2+ 36. Kf1 Rd1+ 37. Kg2 Bd4 38. Rab7 Rg1+ 39. Kh3 h5
40. Rh7 e3 41. Rh6 e2 42. Rxg6+ Kf8 43. Re6 e1=Q 44. Rxe1 Rxe1 45. Rh7 Re7 46.
Rxh5 Rd5 47. Kg2 Rg7 48. Kf3 Kg8 49. h3 Rh7 50. Rg5+ Kf7 51. h4 Bf6 52. Rxf5
Rxf5 53. Kg4 Kg6 54. Kh3 Rd5 55. Kg4 Rd2 56. f5+ Kg7 57. h5 Be5 58. Kh4 Rd4+
59. g4 Kf6 60. Kh3 Kg5 0-1

[Event "Michigan Senior U1600"]
[Site "Ann Arbor, MI"]
[Date "2001.06.24"]
[Round "4"]
[White "Vasos, John"]
[Black "Crysler, Jerry"]
[Result "0-1"]
[WhiteElo "1060"]
[BlackElo "1372"]
[PlyCount "54"]
[EventDate "2001.06.23"]

1. e4 c5 2. Nc3 d6 3. Nf3 Nd7 4. Bc4 h6 5. b3 a6 6. Bb2 Ngf6 7. O-O b5 8. Bd3
Bb7 9. Re1 g6 10. e5 Bxf3 11. Qxf3 Nxe5 12. Qe2 Bg7 13. Rab1 Nxd3 14. Qxd3 O-O
15. Ne4 Nxe4 16. Bxg7 Nxf2 17. Kxf2 Kxg7 18. Re3 e6 19. Rbe1 Qf6+ 20. Rf3 Qd4+
21. Qxd4+ cxd4 22. Ke2 b4 23. Kd3 e5 24. Kc4 Rac8+ 25. Kd3 Rc5 26. Ref1 f5 27.
c4 e4+ 0-1

[Event "Michigan Senior"]
[Site "Ann Arbor, MI"]
[Date "2001.06.24"]
[Round "3.3"]
[White "Smith, Michael R"]
[Black "LaForge, Tom"]
[Result "1/2-1/2"]
[WhiteElo "1946"]
[BlackElo "1978"]
[PlyCount "105"]
[EventDate "2001.06.23"]

1. e4 e6 2. d4 d5 3. Nd2 Nc6 4. c3 e5 5. exd5 Qxd5 6. Ngf3 exd4 7. Bc4 Qh5 8.
O-O Bd6 9. Ne4 Nge7 10. Nxd6+ cxd6 11. Nxd4 Qc5 12. Nb5 O-O 13. b3 Be6 14. Qxd6
Qxd6 15. Nxd6 Bxc4 16. Nxc4 Nd5 17. Bb2 Rfd8 18. Rfd1 b5 19. Na3 a6 20. c4 bxc4
21. Nxc4 f6 22. g3 a5 23. Rxd5 Rxd5 24. Nb6 Rd2 25. Nxa8 Rxb2 26. Nb6 Ne5 27.
Na4 Rc2 28. Rd1 Ng4 29. Rd4 Nxf2 30. Rd5 Nh3+ 31. Kf1 Rxa2 32. Rxa5 Rxh2 33. b4
Rf2+ 34. Ke1 Rf3 35. b5 Rb3 36. b6 Ng5 37. Ra8+ Kf7 38. Ra7+ Kg6 39. Re7 f5 40.
b7 Kf6 41. Rc7 Ne6 42. Rc6 Rxb7 43. Rxe6+ Kxe6 44. Nc5+ Kf6 45. Nxb7 Kg5 46.
Kf2 f4 47. Nc5 fxg3+ 48. Kxg3 Kf5 49. Nd3 g5 50. Ne1 g4 51. Ng2 Kg5 52. Nh4 h5
53. Ng2 1/2-1/2

[Event "Michigan Senior U1600"]
[Site "Ann Arbor, MI"]
[Date "2001.06.24"]
[Round "3.7"]
[White "Scioly, Tony"]
[Black "Foord, Allan"]
[Result "1/2-1/2"]
[WhiteElo "1533"]
[BlackElo "1500"]
[PlyCount "135"]
[EventDate "2001.06.23"]

1. e4 c5 2. Nf3 Nc6 3. d4 cxd4 4. Nxd4 Nf6 5. Nc3 a6 6. Bc4 e6 7. Bg5 Be7 8.
Qd2 h6 9. Be3 d6 10. f3 Qc7 11. Bb3 Na5 12. O-O Nxb3 13. cxb3 O-O 14. Rac1 Qa5
15. Nd5 Qd8 16. Nxe7+ Qxe7 17. Rfd1 Rd8 18. g4 Nh7 19. Qf2 Bd7 20. Rc7 Rac8 21.
Rxb7 Qf6 22. Ra7 Ra8 23. Rxa8 Rxa8 24. Rc1 Ng5 25. Bxg5 Qxg5 26. Rc7 Be8 27.
Kg2 Qe5 28. Rc2 a5 29. Qe3 d5 30. Re2 Rc8 31. exd5 Qxd5 32. Qe5 Rd8 33. Qxd5
Rxd5 34. Nc2 Bb5 35. Rf2 Kf8 36. Ne3 Rd3 37. Nc4 a4 38. Na5 axb3 39. Nxb3 Bc4
40. Nc5 Rd5 41. b4 Ke7 42. a4 Kd6 43. Rc2 Rd4 44. Kf2 Bd5 45. Rb2 Rf4 46. a5
Rxf3+ 47. Ke2 Rh3 48. Ke1 Ra3 49. Kd2 Kc6 50. Na6 Kb5 51. Nc7+ Kc6 52. Nxd5
exd5 53. b5+ Kb7 54. a6+ Kb6 55. Kc2 Ra4 56. h3 Ra3 57. Rb3 Ra4 58. Kc3 Rc4+
59. Kd3 g6 60. Ke3 f5 61. gxf5 gxf5 62. Kf3 Rh4 63. Kg3 Re4 64. Kf3 h5 65. Rd3
d4 66. Rb3 Rh4 67. Kg3 Re4 68. Kf3 1/2-1/2

[Event "Michigan Senior U1600"]
[Site "Ann Arbor, MI"]
[Date "2001.06.24"]
[Round "3.11"]
[White "Saylor, Oliver"]
[Black "Mandell, Ed"]
[Result "1/2-1/2"]
[WhiteElo "1348"]
[BlackElo "1273"]
[PlyCount "90"]
[EventDate "2001.06.23"]

1. e4 e5 2. Nf3 Nf6 3. d3 Nc6 4. Nc3 a6 5. Be3 d5 6. exd5 Nxd5 7. Nxd5 Qxd5 8.
Be2 Bg4 9. h3 Bh5 10. O-O O-O-O 11. a4 Bd6 12. Qd2 f5 13. Qe1 Nb4 14. Qd1 Bxf3
15. Bxf3 e4 16. Be2 f4 17. Bd2 f3 18. dxe4 fxe2 19. Qxe2 Bh2+ 20. Kxh2 Qxd2 21.
Qxd2 Rxd2 22. c3 Nd3 23. f4 Rxb2 24. e5 Rf8 25. e6 Rf2 26. Rxf2 Nxf2 27. Rf1
Ne4 28. f5 Re8 29. c4 b6 30. Rf4 Nc5 31. f6 gxf6 32. Rxf6 Rxe6 33. Rxe6 Nxe6
34. g4 Kd7 35. h4 Ke7 36. g5 Kf7 37. Kg3 Kg6 38. Kg4 Ng7 39. Kf4 Kh5 40. Ke5
Kxh4 41. Kf6 Nh5+ 42. Ke6 Ng7+ 43. Kf6 Nh5+ 44. Ke6 b5 45. cxb5 axb5 1/2-1/2

[Event "Michigan Senior"]
[Site "Ann Arbor, MI"]
[Date "2001.06.24"]
[Round "4"]
[White "Moore, Robert"]
[Black "Smith, Michael R"]
[Result "0-1"]
[WhiteElo "1600"]
[BlackElo "1946"]
[PlyCount "70"]
[EventDate "2001.06.23"]

1. e4 e6 2. d4 d5 3. e5 c5 4. c3 Nc6 5. Nf3 Qb6 6. Be2 cxd4 7. cxd4 Nge7 8. Nc3
Nf5 9. Na4 Qa5+ 10. Bd2 Bb4 11. Bc3 Bd7 12. O-O Ncxd4 13. Nxd4 Bxa4 14. Bxb4
Qxb4 15. Qxa4+ Qxa4 16. Bb5+ Qxb5 17. Nxb5 Kd7 18. g4 a6 19. Nc3 Nd4 20. f4
Rac8 21. Rad1 Rc4 22. Kf2 Rhc8 23. Ke3 Nc2+ 24. Kd2 d4 25. Kxc2 Ke7 26. Rf3
dxc3 27. bxc3 R8c7 28. Kb3 Re4 29. Rd4 Rxd4 30. cxd4 Kd7 31. a4 b5 32. axb5
axb5 33. Rd3 Rc4 34. f5 Kc6 35. d5+ exd5 0-1

[Event "Michigan Senior"]
[Site "Ann Arbor, MI"]
[Date "2001.06.24"]
[Round "3.6"]
[White "McCarter, Robert"]
[Black "Steen, Harold"]
[Result "1-0"]
[WhiteElo "1600"]
[BlackElo "1643"]
[PlyCount "141"]
[EventDate "2001.06.23"]

1. d4 f5 2. c4 Nf6 3. Nc3 g6 4. Nf3 Bg7 5. Bg5 O-O 6. Qc2 d6 7. Rd1 Nbd7 8. e3
c6 9. Bd3 Qe8 10. O-O e5 11. dxe5 dxe5 12. e4 f4 13. Bxf6 Bxf6 14. b4 g5 15. h3
h5 16. Nh2 Bg7 17. f3 Nf6 18. Be2 Qg6 19. Rf2 Ne8 20. Rd2 Nc7 21. Qd1 Ne6 22.
Rd6 Qf7 23. Bf1 Kh7 24. Rdd2 Rg8 25. c5 Nd4 26. Ne2 Be6 27. Nxd4 exd4 28. Bd3
Be5 29. Kf1 a6 30. a3 Rg7 31. Qe2 Rag8 32. Ke1 Qd7 33. Bc4 Re8 34. Bxe6 Qxe6
35. Qd3 Kh8 36. Rc2 Qg8 37. Kd1 Qe6 38. Kc1 Rd8 39. Kb1 Rb8 40. Rb2 b5 41. cxb6
Rxb6 42. Rfc2 Rgb7 43. Rc5 Rb5 44. Rbc2 R5b6 45. Kc1 Rc7 46. Nf1 Qf6 47. Nd2 g4
48. hxg4 Rb5 49. Rxb5 axb5 50. gxh5 Qg5 51. Nb3 Qxh5 52. Na5 Qg6 53. Rc5 Bg7
54. Qc2 d3 55. Qxd3 Qf6 56. e5 Qe7 57. Qd6 Qf7 58. e6 Qf6 59. Rh5+ Kg8 60. Qd3
Qc3+ 61. Qxc3 Bxc3 62. Nb3 Re7 63. Kc2 Be1 64. Re5 Bg3 65. Re2 Kg7 66. Nc5 Kg6
67. Rd2 Kf6 68. Rd6 Bf2 69. Ne4+ Ke5 70. Rxc6 Bg3 71. Rc5+ 1-0

[Event "Michigan Senior"]
[Site "Ann Arbor, MI"]
[Date "2001.06.24"]
[Round "4"]
[White "McCarter, Robert"]
[Black "Hickey, Gene"]
[Result "1/2-1/2"]
[WhiteElo "1600"]
[BlackElo "1941"]
[PlyCount "58"]
[EventDate "2001.06.23"]

1. d4 a6 2. g3 e6 3. Bg2 d5 4. Nf3 Nf6 5. O-O Be7 6. b3 c5 7. dxc5 Bxc5 8. Bb2
O-O 9. Nbd2 Bd7 10. Ne5 Bc6 11. Nxc6 Nxc6 12. a3 Nd7 13. b4 Be7 14. c4 Nb6 15.
cxd5 exd5 16. Qb3 Qd6 17. Rfd1 Qe6 18. e3 Rad8 19. Nf3 Rd7 20. Nd4 Nxd4 21.
Bxd4 Bf6 22. Rac1 Bxd4 23. Rxd4 Nc4 24. Rcd1 Rfd8 25. e4 b5 26. exd5 Qe5 27.
Bf1 Rxd5 28. Rxd5 Rxd5 29. Rxd5 Qxd5 1/2-1/2

[Event "Michigan Senior"]
[Site "Ann Arbor, MI"]
[Date "2001.06.24"]
[Round "4"]
[White "Matias, I.C."]
[Black "Yufa, Leonid"]
[Result "1-0"]
[WhiteElo "1613"]
[BlackElo "1704"]
[PlyCount "75"]
[EventDate "2001.06.23"]

1. d4 d5 2. c4 e6 3. Nc3 Nf6 4. Bg5 Nbd7 5. Nf3 h6 6. Bh4 Be7 7. e3 dxc4 8.
Bxc4 O-O 9. O-O a6 10. Qe2 b5 11. Bb3 Bb7 12. Rfd1 Nb6 13. Ne5 Nfd5 14. Bxe7
Qxe7 15. Rac1 Rac8 16. Qg4 Nxc3 17. Rxc3 Nd5 18. Rc5 Nf6 19. Qh4 Rfe8 20. f3
Nd5 21. Qxe7 Rxe7 22. Kf2 f6 23. Nc6 Rd7 24. Na5 Ba8 25. e4 Nf4 26. g3 Nh3+ 27.
Kg2 Ng5 28. h4 Nf7 29. Kf2 g5 30. hxg5 hxg5 31. d5 exd5 32. Bxd5 Bxd5 33. Rdxd5
Re7 34. Rc6 g4 35. Rxa6 gxf3 36. Kxf3 c5 37. Nc6 Re6 38. Rxc5 1-0

[Event "Michigan Senior"]
[Site "Ann Arbor, MI"]
[Date "2001.06.24"]
[Round "4"]
[White "LaForge, Tom"]
[Black "Vandivier, Don"]
[Result "1/2-1/2"]
[WhiteElo "1978"]
[BlackElo "1874"]
[PlyCount "87"]
[EventDate "2001.06.23"]

1. e4 c5 2. d3 Nc6 3. g3 g6 4. Bg2 Bg7 5. c3 d6 6. Ne2 Bd7 7. O-O Qc8 8. Nf4
Rb8 9. a4 e5 10. Nd5 Nge7 11. Na3 Nxd5 12. exd5 Ne7 13. Nb5 Bxb5 14. axb5 Ra8
15. Qa4 O-O 16. h4 h5 17. Kh2 a5 18. Bg5 f6 19. Bh3 Nf5 20. Bd2 b6 21. Qd1 Kh7
22. g4 hxg4 23. Bxg4 Bh6 24. Bxh6 Kxh6 25. Qf3 Rh8 26. Bxf5 Qxf5 27. Qxf5 gxf5
28. Rg1 Rag8 29. f3 Rg6 30. Rxg6+ Kxg6 31. Kg3 Kh5 32. Kf2 Rg8 33. Rh1 f4 34.
Rb1 Rg3 35. Rh1 f5 36. Rh2 c4 37. dxc4 e4 38. fxe4 fxe4 39. Ke2 Rd3 40. Rh1 a4
41. Rd1 Rh3 42. c5 Rh2+ 43. Ke1 e3 44. Rd3 1/2-1/2

[Event "Michigan Senior"]
[Site "Ann Arbor, MI"]
[Date "2001.06.24"]
[Round "3.5"]
[White "Kung, Fred"]
[Black "Moore, Robert"]
[Result "0-1"]
[WhiteElo "1842"]
[BlackElo "1600"]
[PlyCount "46"]
[EventDate "2001.06.23"]

1. e4 c5 2. Nf3 d6 3. d4 cxd4 4. Nxd4 Nf6 5. Nc3 a6 6. Bg5 e6 7. f4 Be7 8. Qf3
Qc7 9. O-O-O Nbd7 10. g4 b5 11. Bxf6 Nxf6 12. g5 Nd7 13. f5 Nc5 14. f6 gxf6 15.
gxf6 Bf8 16. Rg1 b4 17. Nd5 exd5 18. exd5 Bd7 19. Re1+ Kd8 20. Rg7 b3 21. axb3
Qa5 22. Nc6+ Bxc6 23. dxc6 Qxe1+ 0-1

[Event "Michigan Senior"]
[Site "Ann Arbor, MI"]
[Date "2001.06.24"]
[Round "3.1"]
[White "Hickey, Gene"]
[Black "Santiago, Reynaldo"]
[Result "0-1"]
[WhiteElo "1941"]
[BlackElo "2007"]
[PlyCount "88"]
[EventDate "2001.06.23"]

1. d4 g6 2. Nc3 Bg7 3. e4 c5 4. Nf3 cxd4 5. Nxd4 Nc6 6. Nxc6 bxc6 7. Be3 d6 8.
f4 Nf6 9. Be2 O-O 10. O-O Qa5 11. Qe1 Re8 12. h3 Rb8 13. Rb1 e6 14. g4 d5 15.
b4 Rxb4 16. Rxb4 Qxb4 17. Nxd5 Nxd5 18. exd5 Qxe1 19. Rxe1 exd5 20. Kf2 Bf6 21.
Rd1 a5 22. g5 Bd8 23. h4 Re4 24. Rd4 Rxd4 25. Bxd4 Bf5 26. Bd3 Bxd3 27. cxd3
Be7 28. Bb6 a4 29. Kf3 Kf8 30. f5 Ke8 31. d4 Kd7 32. Kg4 c5 33. h5 Kc6 34. hxg6
hxg6 35. dxc5 Bxc5 36. Ba5 d4 37. fxg6 fxg6 38. Kf3 Kd5 39. Ke2 Ke4 40. Bd2 d3+
41. Kd1 Kd4 42. Be1 Ke4 43. Bc3 Be3 44. Bf6 Kf5 0-1